BUBT Library Online Catalog

Hou to write first class letter;the hand book of practical letter writing (Record no. 429)

000 -LEADER
fixed length control field 00704nam a22002537a 4500
008 - FIXED-LENGTH DATA ELEMENTS--GENERAL INFORMATION
fixed length control field 130605b xxu||||| |||| 00| 0 eng d
020 ## - INTERNATIONAL STANDARD BOOK NUMBER
International Standard Book Number 81-85617-66-x
024 ## - OTHER STANDARD IDENTIFIER
Terms of availability available
037 ## - SOURCE OF ACQUISITION
Terms of availability available
040 ## - CATALOGING SOURCE
Original cataloging agency mbstu library
Modifying agency mbstu library
082 ## - DEWEY DECIMAL CLASSIFICATION NUMBER
Edition number 22
Classification number 428 BAH
100 ## - MAIN ENTRY--PERSONAL NAME
Personal name Baugh, Sue L
110 ## - MAIN ENTRY--CORPORATE NAME
Corporate name or jurisdiction name as entry element
245 ## - TITLE STATEMENT
Title Hou to write first class letter;the hand book of practical letter writing
260 ## - PUBLICATION, DISTRIBUTION, ETC. (IMPRINT)
Place of publication, distribution, etc. USA
Name of publisher, distributor, etc. NTC Publishing Group
Date of publication, distribution, etc. 2000
300 ## - PHYSICAL DESCRIPTION
Extent 13.5 cm
Other physical details 328 page
Type of unit 10
Size of unit 13.5 cm
600 ## - SUBJECT ADDED ENTRY--PERSONAL NAME
Personal name English Usage
700 ## - ADDED ENTRY--PERSONAL NAME
Personal name Baugh, Sue L
710 ## - ADDED ENTRY--CORPORATE NAME
Corporate name or jurisdiction name as entry element
270 ## - ADDRESS
Address USA
City USA
Country USA
365 ## - TRADE PRICE
Price amount 111.00
Unit of pricing 111.00
942 ## - ADDED ENTRY ELEMENTS (KOHA)
Source of classification or shelving scheme
Koha item type Books

No items available.

More Information About Library

Library Hours

  • Open: 9.00 am. to 9.00 pm.
  • Only Sunday: 9.00 am. to 6.00 pm.
  • Closed: Holiday

Contact to the University

Bangladesh University of Business and Technology Library

  • Mirpurl-2, 1216.
  • Phone:
  • Fax:
  • E-Mail: admin.library@bubt.edu.bd

Contact to the Library

Contact Person:

Md. Abdul Hakim Shah
Joint Librarian
PABX No:  113
Cell No: 01816332931
E-mail: official: admin.library@bubt.edu.bd
Personal: hakim.shah@bubt.edu.bd


BUBT Library

Copyright © 2021